000 01646nam0a2200289 4500
001 RU\NLR\BIBL_A\010729964
005 20250614092119.0
035 _a(NLR Aleph) 010729964
090 _a9860472
_c9860472
100 _a20150415d1974 |||y0rusy50 ca
101 0 _arus
102 _aRU
105 _aa z 000yy
200 1 _aКлиническая анатомия и оперативная хирургия перикарда и коронарных сосудов
_e(пособие для врачей и студентов)
_fБ.И. Хубутия
_gМ-во здравоохранения РСФСР, Ряз. мед. ин-т им. акад. И.П. Павлова
210 _aРязань
_c[б.и.]
_d1974
215 _a224, [2] с.
_d22
320 _aБиблиогр.: с. 197-225
606 1 _aПерикард
_jРуководства, пособия и т.п
_xТопографическая анатомия
_91424052
_3RU\NLR\AUTH\66601238
606 1 _aПерикард
_jРуководства, пособия и т.п
_xХирургия
_91859469
_3RU\NLR\AUTH\66843315
606 1 _aВенечные артерии
_jРуководства, пособия и т.п
_xТопографическая анатомия
_91265473
_3RU\NLR\AUTH\66202476
606 1 _aВенечные артерии
_jРуководства, пособия и т.п
_xХирургия
_91265478
_3RU\NLR\AUTH\66202478
686 1 _aР457.345.01я7
700 1 _aХубутия
_bБ.И.
_f1928-2002
_gБидзина Илларионович
_9143987
_3RU\NLR\AUTH\770144023
942 _cBOOK
980 _aNB